Skip to content
VuFind
Login
All Fields
Title
Author
Subject
Call Number
ISBN/ISSN
Tag
Find
Advanced
ගැඹුරු මුහුදේ වික්රමය/...
Cite this
Text this
Email this
Print
Export Record
Export to RefWorks
Export to EndNoteWeb
Export to EndNote
Export to MARC
Export to BibTeX
Export to RIS
Save to List
Permanent link
ගැඹුරු මුහුදේ වික්රමය/
Show other versions (1)
Saved in:
Bibliographic Details
Main Author:
හැන්සන් , එඩ්
Other Authors:
මදුරංග, සදුන්
(ගැඹුරු මුහුදේ වික්රමය/)
Format:
Book
Language:
English
Sinhalese
Published:
ගනේමුල්ල :
මියුසස්,
Subjects:
ඉංග්රීසි ප්රබන්ධ | සිංහල පරිවර්තන
Tags:
Add Tag
No Tags, Be the first to tag this record!
Holdings
Description
Comments
Other Versions (1)
Similar Items
Staff View
MARC
LEADER
00000nam a22000007a 4500
003
LK-RuCL
005
20260408130903.0
008
260408b |||||||| |||| 00| 0 eng d
020
|a
9786246570170
040
|a
LK-RuCL
|b
sin
|d
LK-RuCL
041
|a
sin
082
|2
23
|a
823
|b
හැන්ස
100
|a
හැන්සන් , එඩ්
130
|a
DANGER AT 20 FATHOMS/
245
|a
ගැඹුරු මුහුදේ වික්රමය/
|c
සදුන් මදුරංග
260
|a
ගනේමුල්ල :
|b
මියුසස්,
|g
2024
300
|a
පි. 63 :
|c
සෙ.මි.18.5
650
0
|a
ඉංග්රීසි ප්රබන්ධ | සිංහල පරිවර්තන
700
|a
මදුරංග, සදුන්
|e
ගැඹුරු මුහුදේ වික්රමය/
942
|c
LBK
999
|c
14265
|d
14265
Similar Items
ගැඹුරු මුහුදේ වික්රමය /
by: හැන්සන්, එඩ්
Published: (2024)
ඇමේසන් වනයේ වික්රමය /
by: හැන්සන්, එඩ්
Published: (2024)
වැලි කතරේ වික්රමය /
by: හැන්සන්, එඩ්
Published: (2024)
අමේසන් වික්රමය/
by: ප්රයිස්, විලාර්ඩ්
Published: (2006)
සාගර වික්රමය/
by: තිලකරත්න, ක්රිෂාන්ත
Published: (2009)